Working for the environment : (Record no. 2276)
[ view plain ]
| 000 -LEADER | |
|---|---|
| fixed length control field | 00925cam a2200229 4500 |
| 001 - CONTROL NUMBER | |
| control field | 2841 |
| 010 ## - LIBRARY OF CONGRESS CONTROL NUMBER | |
| LC control number | 00108015 |
| 020 ## - INTERNATIONAL STANDARD BOOK NUMBER | |
| International Standard Book Number | 1878071548 |
| 100 1# - MAIN ENTRY--PERSONAL NAME | |
| Personal name | Renner, Michael, |
| Dates associated with a name | 1957- |
| 245 10 - TITLE STATEMENT | |
| Title | Working for the environment : |
| Remainder of title | a growing source of jobs / |
| Statement of responsibility, etc. | Michael Renner. |
| 260 ## - PUBLICATION, DISTRIBUTION, ETC. | |
| Place of publication, distribution, etc. | Washington, DC : |
| Name of publisher, distributor, etc. | Worldwatch Institute, |
| Date of publication, distribution, etc. | 2000. |
| 300 ## - PHYSICAL DESCRIPTION | |
| Extent | 85 p. : |
| Other physical details | ill. ; |
| Dimensions | 22 cm. |
| 440 #0 - SERIES STATEMENT/ADDED ENTRY--TITLE | |
| Title | Worldwatch paper ; |
| Volume/sequential designation | 152 |
| 500 ## - GENERAL NOTE | |
| General note | ""Shivani Chaudhry, research intern, Jennifer Silva, Research intern, Jane A. Peterson, editor."" |
| General note | Electronic copy available on RTC Cloud in "Library" folder |
| 504 ## - BIBLIOGRAPHY, ETC. NOTE | |
| Bibliography, etc. note | Includes bibliographical references (p. 72-85). |
| 650 #0 - SUBJECT ADDED ENTRY--TOPICAL TERM | |
| Topical term or geographic name entry element | Environmental policy. |
| Topical term or geographic name entry element | Job creation. |
| Topical term or geographic name entry element | Pollution control industry. |
| 700 1# - ADDED ENTRY--PERSONAL NAME | |
| Personal name | Peterson, Jane A. |
| 856 ## - ELECTRONIC LOCATION AND ACCESS | |
| Host name | |
| Uniform Resource Identifier | <a href="http://www.worldwatch.org/system/files/EWP152.pdf">http://www.worldwatch.org/system/files/EWP152.pdf</a> |
| Link text | Working for the environment: A growing source of jobs |
| Public note | |
| Materials specified | |
No items available.